000 00305nam a2200133Ia 4500
100 _aPappas/C.H/ Murray/W.H
942 _cBK
654 _aBorland C++ handbook
245 _aBorland C++ Handbook
260 _bOsborne Mc graw Hill
_aNew Delhi
_c1991
300 _a875
546 _aENGLISH
999 _c34905
_d34905